[Event "TSV Schönaich 2 - SK Bebenhausen"]
[Site "?"]
[Date "2022.03.20"]
[Round "4.8"]
[White "Stukenbrok, Nils"]
[Black "Waffenschmidt, Lars"]
[Result "1-0"]
[WhiteElo "2041"]
[BlackElo "2061"]
[PlyCount "83"]
[EventDate "2022.??.??"]

1. d4 Nf6 2. c4 e6 3. g3 d5 4. Nf3 dxc4 5. Bg2 Nc6 6. Qa4 Bd7 7. Qxc4 Bd6 8.
Nc3 a6 9. a3 b5 10. Qd3 b4 11. Ne4 Nxe4 12. Qxe4 Rb8 13. O-O bxa3 14. bxa3 Qf6
15. Bf4 Bxf4 16. gxf4 O-O 17. Rfc1 Qg6 18. Qxg6 hxg6 19. e3 Rfc8 20. Rc5 Rb5
21. Rac1 Rxc5 22. Rxc5 Nd8 23. Bf1 Bc6 24. Ne5 Bb7 25. Nc4 Nc6 26. Bg2 Nd8 27.
Bxb7 Nxb7 28. Rc6 a5 29. Nb6 Rb8 30. Rxc7 Nd6 31. Rc6 Nb5 32. a4 Na3 33. Kf1
Rb7 34. Ke2 Kf8 35. Kd3 Ke7 36. e4 Rb8 37. d5 exd5 38. exd5 Rh8 39. d6+ Ke6 40.
d7+ Ke7 41. Rc8 Rd8 42. Kc3 1-0

[Event "SV Nürtingen - SC Weiße Dame Ulm"]
[Site "?"]
[Date "2022.03.27"]
[Round "4.1"]
[White "Fleischer, Frank"]
[Black "Weigand, Bernhard"]
[Result "1/2-1/2"]
[WhiteElo "2201"]
[BlackElo "2188"]
[PlyCount "20"]
[EventDate "2022.??.??"]

1. e4 e6 2. d4 d5 3. e5 c5 4. c3 Nc6 5. Nf3 Qb6 6. a3 c4 7. Nbd2 Na5 8. g3 Bd7
9. Bg2 Ne7 10. O-O h6 1/2-1/2

[Event "SV Nürtingen - SC Weiße Dame Ulm"]
[Site "?"]
[Date "2022.03.27"]
[Round "4.3"]
[White "Egle, Heiko"]
[Black "Mareck, Sascha"]
[Result "1/2-1/2"]
[WhiteElo "2214"]
[BlackElo "2129"]
[PlyCount "48"]
[EventDate "2022.??.??"]

1. d4 Nf6 2. Nf3 g6 3. e3 Bg7 4. Bd3 O-O 5. O-O d5 6. b3 b6 7. Bb2 Bb7 8. Nbd2
c5 9. Ne5 Nc6 10. f4 cxd4 11. exd4 Nb4 12. Be2 Ne4 13. c3 Nc6 14. Bd3 Nd6 15.
Qf3 e6 16. Rae1 Ne7 17. Qh3 Bc8 18. Qh4 f6 19. Nef3 Nef5 20. Qf2 Nh6 21. h3 a5
22. a4 Re8 23. b4 Nhf7 24. Qg3 Ba6 1/2-1/2

[Event "SV Nürtingen - SC Weiße Dame Ulm"]
[Site "?"]
[Date "2022.03.27"]
[Round "4.5"]
[White "Kill, Matthias"]
[Black "Gold, Stefan"]
[Result "1/2-1/2"]
[WhiteElo "2049"]
[BlackElo "1990"]
[PlyCount "38"]
[EventDate "2022.??.??"]

1. Nf3 Nf6 2. c4 e6 3. Nc3 Bb4 4. Qc2 b6 5. g3 Bb7 6. Bg2 O-O 7. O-O Bxc3 8.
Qxc3 d6 9. d3 Nbd7 10. b4 a5 11. a3 Qe7 12. Rb1 axb4 13. axb4 e5 14. h3 Ra7 15.
Be3 d5 16. Bg5 Re8 17. cxd5 Nxd5 18. Qc4 Qd6 19. Nh4 b5 1/2-1/2

[Event "SV Nürtingen - SC Weiße Dame Ulm"]
[Site "?"]
[Date "2022.03.27"]
[Round "4.6"]
[White "Doll, Michael"]
[Black "Wolf, Rainer"]
[Result "1/2-1/2"]
[WhiteElo "2152"]
[BlackElo "2016"]
[PlyCount "62"]
[EventDate "2022.??.??"]

1. d4 g6 2. Nf3 Bg7 3. c4 d6 4. Nc3 Nd7 5. e3 e5 6. Be2 Ne7 7. dxe5 dxe5 8. O-O
O-O 9. Qc2 c6 10. Rd1 Qc7 11. e4 f5 12. Ng5 Nc5 13. Be3 Ne6 14. Nxe6 Bxe6 15.
f3 b6 16. b4 Rfd8 17. Rxd8+ Rxd8 18. Rc1 Rd7 19. Rd1 Bf8 20. c5 f4 21. Bf2 Nc8
22. Na4 Rxd1+ 23. Bxd1 b5 24. Nc3 a5 25. a3 axb4 26. axb4 Qf7 27. Qb2 g5 28.
Nb1 Qd7 29. Bc2 Bg7 30. Bb3 Kf7 31. Qd2 Qxd2 1/2-1/2

[Event "SV Nürtingen - SC Weiße Dame Ulm"]
[Site "?"]
[Date "2022.03.27"]
[Round "4.8"]
[White "Guendogdu, Abdulhamit"]
[Black "Kelemen, Alexander"]
[Result "1-0"]
[WhiteElo "1884"]
[BlackElo "1767"]
[PlyCount "73"]
[EventDate "2022.??.??"]

1. d4 Nf6 2. Nf3 d5 3. c4 e6 4. g3 Bb4+ 5. Bd2 Be7 6. Bg2 O-O 7. O-O Nbd7 8.
Qc2 c6 9. Bf4 Ne4 10. Nfd2 f5 11. f3 Nxd2 12. Nxd2 g5 13. Be3 Qe8 14. Bf2 Qg6
15. e4 f4 16. Qb3 Nf6 17. Rae1 Bd8 18. Re2 b6 19. Kh1 Kh8 20. Rg1 a5 21. a4 Ba6
22. gxf4 Nh5 23. fxg5 Nf4 24. Ree1 Qxg5 25. Bf1 Qh5 26. Bg3 Ra7 27. exd5 exd5
28. Re5 Qf7 29. cxd5 Nxd5 30. Bxa6 Rxa6 31. Qd3 Ra7 32. Qe4 Re7 33. Rxe7 Bxe7
34. Be5+ Bf6 35. f4 h5 36. Nf3 Bxe5 37. Nxe5 1-0